000 00575nam a2200205Ia 4500
003 OSt
005 20250714093305.0
008 210210b1994 xxu||||| |||| 00| 0 eng d
040 _cAL
041 _aKannada
082 _aK894.309 SHAS
100 _aSHAMARAYA (Ta Su).
_9196123
_dಶಾಮರಾಯ (ತಾ ಸು)
245 _aSanna kathe.
_bಸಣ್ಣ ಕಥೆ
260 _aMaisuru
_bTalukina Venkannayya Smaraka Granthamale
_c1994
300 _a72
650 _aSanna Kathe
_9196124
690 _aKannada Criticism
_9196125
906 _a049508
942 _2ddc
_cBK
999 _c98634
_d98634